Путанабус. Лишние земли лишних: фантастический роман
| 1. Verfasser: | |
|---|---|
| Zusammenfassung: | Наш мир, как оказалось, не одинок. Другой мир был случайно открыт во время научного эксперимента, но его существование не разглашается учеными и их спонсорами, которые создали тайную организацию — орден. Своей главной целью орден декларирует заселение нового мира и незаметно для окружающих отправляет туда людей, которые здесь, на Старой Земле, посчитали себя лишними. Главный герой, неплохо устроенный в нашей жизни, лишним себя не считает, но однажды по ошибке попадает в этот новый мир с автобусом и тринадцатью юными красавицами из эскорта. И узнает, что обратного пути нет. А до своих, русских, пять тысяч изнуряющих километров. Война, любовь, интриги, новые друзья, темные силы, опасная природа... А они простые городские жители XXI века. |
| Sprache: | Russisch |
| Veröffentlicht: |
Москва, Альфа-книга, 2013
|
| Schriftenreihe: | Земля лишних. Мир Андрея Круза |
| Schlagworte: | |
| Format: | MixedMaterials Buch |
| KOHA link: | https://koha.lib.tpu.ru/cgi-bin/koha/opac-detail.pl?biblionumber=269517 |
MARC
| LEADER | 00000nam0a2200000 4500 | ||
|---|---|---|---|
| 001 | 269517 | ||
| 005 | 20231101234248.0 | ||
| 010 | |a 9785992214369 | ||
| 035 | |a (RuTPU)RU\TPU\book\292694 | ||
| 090 | |a 269517 | ||
| 100 | |a 20140919d2013 m y0rusy50 ca | ||
| 101 | 0 | |a rus | |
| 102 | |a RU | ||
| 105 | |a y z 000ay | ||
| 200 | 1 | |a Путанабус. Лишние земли лишних |e фантастический роман |f Д. Старицкий | |
| 210 | |a Москва |c Альфа-книга |d 2013 | ||
| 215 | |a 313 с. | ||
| 225 | 1 | |a Земля лишних. Мир Андрея Круза | |
| 330 | |a Наш мир, как оказалось, не одинок. Другой мир был случайно открыт во время научного эксперимента, но его существование не разглашается учеными и их спонсорами, которые создали тайную организацию — орден. Своей главной целью орден декларирует заселение нового мира и незаметно для окружающих отправляет туда людей, которые здесь, на Старой Земле, посчитали себя лишними. Главный герой, неплохо устроенный в нашей жизни, лишним себя не считает, но однажды по ошибке попадает в этот новый мир с автобусом и тринадцатью юными красавицами из эскорта. И узнает, что обратного пути нет. А до своих, русских, пять тысяч изнуряющих километров. Война, любовь, интриги, новые друзья, темные силы, опасная природа... А они простые городские жители XXI века. | ||
| 606 | 1 | |a Русская литература современная |2 stltpush |3 (RuTPU)RU\TPU\subj\26373 |9 50316 | |
| 610 | 1 | |a романы | |
| 610 | 1 | |a фантастика | |
| 675 | |a Р2 |v 3 | ||
| 700 | 1 | |a Старицкий |b Д. |g Дмитрий | |
| 801 | 1 | |a RU |b 63413507 |c 20140919 | |
| 801 | 2 | |a RU |b 63413507 |c 20140924 |g RCR | |
| 942 | |c BK | ||